000 01512nam a2200373 a 4500
001 ebr10318449
003 CaPaEBR
006 m u
007 cr cn|||||||||
008 060824s2007 mauab sb 001 0 eng
010 _z 2006049899
015 _aGBA711979
_2bnb
016 7 _z013672359
_2Uk
020 _z0674024915 (alk. paper)
020 _z9780674024915 (alk. paper)
040 _aCaPaEBR
_cCaPaEBR
035 _a(OCoLC)646814826
043 _aa-vt---
_an-us---
050 1 4 _aDS557.8.E23
_bR36 2007eb
082 0 4 _a959.704/348
_222
100 1 _aRandolph, Stephen P.,
_d1952-
245 1 0 _aPowerful and brutal weapons
_h[electronic resource] :
_bNixon, Kissinger, and the Easter Offensive /
_cStephen P. Randolph.
260 _aCambridge, Mass. :
_bHarvard University Press,
_c2007.
300 _ax, 401 p. :
_bill., maps.
504 _aIncludes bibliographical references (p. [347]-382) and index.
533 _aElectronic reproduction.
_bPalo Alto, Calif. :
_cebrary,
_d2013.
_nAvailable via World Wide Web.
_nAccess may be limited to ebrary affiliated libraries.
600 1 0 _aNixon, Richard M.
_q(Richard Milhous),
_d1913-1994.
600 1 0 _aKissinger, Henry,
_d1923-
650 0 _aEaster Offensive, 1972.
650 0 _aVietnam War, 1961-1975
_xAerial operations, American.
655 7 _aElectronic books.
_2local
710 2 _aebrary, Inc.
856 4 0 _uhttp://site.ebrary.com/lib/rucke/Doc?id=10318449
_zAn electronic book accessible through the World Wide Web; click to view
999 _c59777
_d59777